| 000 | 00000nas 2200000za 4500 |
| 001 | 9.829263 |
| 003 | CaOODSP |
| 005 | 20250403105828 |
| 007 | cr ||||||||||| |
| 008 | 161216d20152015onczn mso||||f0 b0fre|d |
| 040 | |aCaOODSP|bfre |
| 043 | |an-cn--- |
| 086 | 1 |aCS16-508F-pdf |
| 245 | 00|aFeuillets d'information de l'enviro |h[ressource électronique]. |
| 260 | |aOttawa : |bStatistique Canada. |
| 310 | |aIrrégulier |
| 500 | |a«Le titre de la publication Feuillets d'information de l’enviro a été changé pour Feuillets d'information de l’environnement à partir du 30 juin 2015.» |
| 500 | |aPubl. aussi en anglais sous le titre : Enviro fact sheet. |
| 520 | 3 |a«Les feuillets d’information de l'environnement contiendront de courts documents d’analyse spécialisés, à thème unique, portant sur des enjeux clés de l’environnement changeant en lien avec la population canadienne. Dans cette série, les analyses porteront notamment sur les sujets suivants : l’air et le climat, la pollution et les déchets, la protection et la qualité de l’environnement, et les ressources naturelles.»|uhttp://www5.statcan.gc.ca/olc-cel/olc.action?ObjId=16-508-X&ObjType=2&lang=fr&limit=1 |
| 692 | 07|2gccst|aRecherche |
| 692 | 07|2gccst|aSciences de l'environnement |
| 710 | 2 |aStatistique Canada. |
| 775 | 08|tEnviro fact sheet |w(CaOODSP)9.829260 |
| 785 | 00|tFeuillets d'information de l'environnement |w(CaOODSP)9.829268 |
| 986 | |a16-508-X |